000 02491cam a22005294i 4500
003 PE-LiUPU
005 20250731173351.0
008 150706s2009 sp r 000 0 spa d
020 _a9788429318166
035 _a(Sirsi) i9788429318166
040 _aPE-LiUPU
_bspa
_cPE-LiUPU
_erda
049 _aPRUA
082 0 4 _a270
_bF81
_221
100 1 _aFranzen, August,
_eautor.
245 1 0 _aHistoria de la Iglesia /
_cAugust Franzen; traducción, María del Carmen Blanco Moreno y Ramón Alfonso Díez Aragón.
250 _aNueva edición / rev. por Bruno Steimer ; y amp. por Roland Fröhlich.
264 1 _aSantander :
_bSal Terrae,
_c2009.
300 _a478 páginas ;
_c22centímetros.
336 _atext
_2rdacontent
337 _aunmediated
_2rdamedia
338 _avolume
_2rdacarrier
490 0 _aPanorama ;
_v10
500 _aTraducción de: Kleine Kirchengeschichte.
505 0 _aLa antigüedad cristiana -- De Jesús de Nazaret al giro constantiniano -- De Constantino el Grande a Gregorio Magno -- La iglesia de la Edad Media -- El cristianismo en la Alta Edad Media -- De Bonifacio a los salios -- El desarrollo de la iglesia en la Alta Edad Media -- La iglesia en el tiempo de la disolución de la ciudad occidental (1300-1500) -- La iglesia de la Edad Moderna -- Reforma protestante y reforma católica (1500-1650) -- La iglesia en la época barroca (1650-1789) -- De la revolución francesa a la primera guerra mundial (1789-1918) -- Del fin de la primera guerra mundial al concilio Vaticano II (1918-1965) -- Historia de la iglesia contemporánea (de 1965 a nuestros días).
526 _aSEG42
526 _aSEG41
526 _aSEG40
526 _aSEG39
526 _aP94
526 _aP87
526 _aP86
526 _aP85
526 _aP77
526 _aP76
526 _aP35
650 0 4 _aHistoria eclesiástica.
650 0 4 _aEcclesiastical history.
700 1 _aFröhlich, Roland,
_eamp.
700 1 _aSteimer, Bruno,
_erev.
910 _bjv
_clch
_d20100514
942 _2ddc
_cBOOK
949 _a270 F81
_wDEWEY
_c1
_i61638
_d2015-11-11
_e2015-11-5
_lCCODEBUL1
_mBUL
_n17
_r0
_sY
_tBOOK
_u2015-7-6
_xTEOLOGIA
_zUNKNOWN
_0COMPRA
_o.STAFF. Colección General
994 _aC0
_bPEPRU
596 _a1
999 _a270 F81
_wDEWEY
_c50827
_i61638
_d50827
_e2019-5-21
_f2021-11-10
_g5
_lCCODEBUL1
_mBUL
_n30
_p28.00
_q22
_r0
_sY
_tBOOK
_u2015-7-6
_xTEOLOGIA
_zUNKNOWN
_0COMPRA
_o.STAFF. Colección General
980 _81
_gALBERTO SANCHEZ Responsable de Automatización